000 00295nam a22001337a 4500
008 170208b xxu||||| |||| 00| 0 eng d
020 _a4420
041 _aeng
080 _226TH
_a61
100 _a4
101 _aSHM
245 _aMANUAL OF MEDICAL THERAPEUTICS
_cDUNAGAN, W.C
942 _2udc
_cBK
999 _c4874
_d4874